1429 1039 1498 1511 1477 1923 1063 1427 1190 1718 1489 1893 1026 1114 1999 1487 1922 1533 1077 1511 1812 1648 1181 1535 1399 1398 1529 1943 1463 1947 1549 1889 1962 1892 1467 1594 1836 1152 1317 1389 1942 1604 1078 1026 1604 1002 1407 1624 1314 1407 1917 1058 1243 1770 1900 1276 1946 1312 1427 1565 1312 1184 1459 1088 1323 1554 1497 1993 1825 1300 1920 1565 1456 1890 1216 1916 1022 1248 1908 1255 1833 1470 1422 1069 1223 1971 1946 1009 1412 1285 1354 1156 1300 1858 1742 1437 1922 1904 1368 BCNSPRNW ULIB Ver.6.0+V

เปลี่ยนเป็นภาษาไทย

Change to English
 แสดงรายละเอียดบรรณานุกรม
  กลับหน้าหลัก

Brief Record : Get Marc (ISO 2709) : E-mail record : QR code < ปิดหน้าต่าง
LEADER : 00000nam 2200000uu 4500
001    13399125831
003     ULIB
008    020711s2017 th a 000 0 eng d
020    ^a9780071792257
060    ^aWS17^bP-W
100    ^aProse, Neil s.
245    ^aWeinberg's Color atlas of Pediatric Dermatology/^cProse, Neil s.
250    ^a5th ed
260    ^aNew York :^bMcGraw-hill,^c2017
300    ^a363 pages;^c30 cm
650    ^aSkin Diseases ^yInfant^zAtlases
650  0 ^aChild
945    ^p4666^l0^i003208
999    ^aประนอม เกษจรัล
รายการนี้ยังไม่มีแท็ก
คุณยังไม่ได้ล็อกอิน คุณสามารถมีกิจกรรมร่วมกับเว็บไซต์ได้ แต่ต้องล็อกอินก่อน ::
  ล็อกอิน

รายการสื่อสารสนเทศ

ลำดับที่ ประเภท เลขเรียก/บาร์โค้ด สถานที่ สถานะ
1. วิทยาศาสตร์การแพทย์ และสุขภาพ
หนังสือสำรอง
สถานะ=หนังสือสำรอง
WS17 P-W ฉ.1 
  Barcode: 003208
ห้องสมุดวิทยาเขตสวรรค์ประชารักษ์
►หนังสือทั่วไป
บนชั้น

รายการใกล้เคียง
    หัวเรื่อง [Child]

BibComment


ยังไม่เคยถูกคอมเมนท์

คอมเมนท์ทรัพยากรรายการนี้
  คอมเมนท์: Weinbergs Color ..


 Copyright 2026. Bcnsprnw @Library